Vasút és irodalom

Elmentve itt :
Bibliográfiai részletek
Szerző: Kovács Krisztina
Dokumentumtípus: Cikk
Megjelent: 2010
Sorozat:MŰHELY: KULTURÁLIS FOLYÓIRAT 33 No. 1-2
Tárgyszavak:
mtmt:2329002
Online Access:http://publicatio.bibl.u-szeged.hu/22221
LEADER 00754nab a2200205 i 4500
001 publ22221
005 20211013130555.0
008 210901s2010 hu o 0|| zxx d
022 |a 0138-922X 
024 7 |a 2329002  |2 mtmt 
040 |a SZTE Publicatio Repozitórium  |b hun 
041 |a zxx 
100 1 |a Kovács Krisztina 
245 1 0 |a Vasút és irodalom  |h [elektronikus dokumentum] /  |c  Kovács Krisztina 
260 |c 2010 
300 |a 155-161 
490 0 |a MŰHELY: KULTURÁLIS FOLYÓIRAT  |v 33 No. 1-2 
650 4 |a Nyelvek és irodalom 
856 4 0 |u http://publicatio.bibl.u-szeged.hu/22221/7/2329002_c%C3%ADmlap_tart..pdf  |z Dokumentum-elérés  
856 4 0 |u http://publicatio.bibl.u-szeged.hu/22221/1/Vasut_es_irodalom_A_vonat_ritualis_tere.pdf  |z Dokumentum-elérés